Word Ladder: Winter Is Coming Quiz Stats

 Plays Quiz Updated Nov 21, 2017

Challenge
Share
Tweet
Embed
Score 0/24 Timer 03:00
0 Plays Today
Clue 4-Letter Word % Correct
Heavy military vehicleTANK
98.1%
SpeakTALK
97.6%
❄ A place to keep your money ❄❄ BANK ❄
96.5%
Apple's centerCORE
96.1%
StoryTALE
94.9%
Femur or tibia, e.g.BONE
94.2%
❄ Get exhausted ❄❄ TIRE ❄
94%
❄ Italy's shape ❄❄ BOOT ❄
93.7%
RippedTORE
92.8%
❄ Dunce cap shape ❄❄ CONE ❄
92.3%
A bit of a mosaicTILE
91.3%
SoloLONE
88.8%
Clue 4-Letter Word % Correct
The storyline of a moviePLOT
86.4%
A dark mark or stainBLOT
82.1%
❄ A flirtatious pick-up sentence ❄❄ LINE ❄
80%
A movie, fancilyCINE
77.9%
TV programSHOW
77.9%
Put something downPLOP
68.4%
Gross-looking foodSLOP
66.9%
Escape quicklyBOLT
61.1%
The trunk of a treeBOLE
59.6%
❄ Word that can come before the theme words ❄❄ SNOW ❄
58.5%
A type of fruit used in a ginSLOE
55.6%
❄ Jeff MacNelly avian comic strip ❄❄ SHOE ❄
53.2%

Today's Daily Dose

Word Ladder
Bruno Mars Song

Get the Picture
Japanese Cars

You're not logged in!

Compare scores with friends on all Sporcle quizzes.
OR
Log In

You Might Also Like...

Show Comments

Extras

Top Quizzes Today


Score Distribution

Your Account Isn't Verified!

In order to create a playlist on Sporcle, you need to verify the email address you used during registration. Go to your Sporcle Settings to finish the process.

Report this User

Report this user for behavior that violates our Community Guidelines.

Details: